Statystyki dla Największe obiekty w Układzie Słonecznym

Kliknij tutaj aby rozwiązać quiz!

Ogólne statystyki

  • Ten quiz został rozwiązany 13 652 razy
  • Średni wynik to 13 z 35

Odpowiedzi na mapie

Odpowiedzi skodowane kolorowo w zielono-czerwonej skali na mapie do tego quizu, zgodnie z poniższymi procentami.
 

Statystyki odpowiedzi

RodzajŚredni promień (km)Odpowiedź% Poprawnych
Planeta6.371Ziemia
99%
Planeta3.389,5Mars
98%
Planeta58.232Saturn
97%
Planeta69.911Jowisz
96%
Planeta24.622Neptun
94%
Planeta25.362Uran
92%
Planeta2.439,7Merkury
91%
Planeta6.051,8Wenus
91%
Satelita Ziemi1.737,4Księżyc
90%
Gwiazda696.342Słońce
90%
Planeta karłowata1.188,3Pluton
82%
Satelita Jowisza1.560,8Europa
40%
Satelita Saturna2.574,43Tytan
29%
Satelita Jowisza1.821,6Io
23%
Planeta karłowata469,7Ceres
19%
Satelita Jowisza2.634,1Ganimedes
18%
Satelita Jowisza2.410,3Kallisto
16%
Planeta karłowata1.163Eris
13%
Planeta karłowata715Makemake
11%
Satelita Plutonu606Charon
9%
Satelita Neptuna1.353,4Tryton
9%
Planeta karłowata780 (Elipsoida)Haumea
8%
Satelita Saturna531,1Tetyda
7%
Satelita Saturna763,8Rea
6%
Satelita Urana788,4Tytania
6%
Satelita Urana578,9Ariel
5%
Satelita Saturna561,4Dione
5%
Satelita Saturna734,5Japet
5%
Satelita Urana761,4Oberon
5%
Sednoid~498Sedna
5%
Satelita Urana584,7Umbriel
5%
Plutino~455Orcus
4%
Planeta karłowata?~615Gonggong
3%
Cubewano543Quaoar
3%
Cubewano~423Salacia
3%

Rozkład punktacji

Percentyl według liczby udzielonych odpowiedzi

Procent ludzi z każdym wynikiem

Twoja historia wyników

Nie rozwiązałeś tego quizu